000 00283nam a22001337a 4500
008 171018b xxu||||| |||| 00| 0 eng d
020 _a9780324595840
041 _aeng
080 _29TH
_a338
100 _a53
101 _aMEN
245 _aMANAGEMENT
_cDAFT,R.L
942 _2udc
_cBK
999 _c34773
_d34773